[Event "London Classic op U2050 9th"]
[Site "London"]
[Date "2017.12.06"]
[Round "3"]
[White "Regan, Natasha"]
[Black "Franklin, Benjamin James"]
[Result "1/2-1/2"]
[WhiteElo "1990"]
[BlackElo "1692"]
[PlyCount "88"]
[EventDate "2017.12.04"]
[EventType "swiss"]
[EventRounds "5"]
[EventCountry "ENG"]
[SourceTitle "CBM 182 Extra"]
[Source "ChessBase"]
[SourceDate "2018.02.23"]
[SourceVersion "1"]
[SourceVersionDate "2018.02.23"]
[SourceQuality "1"]

1. Nf3 Nf6 2. c4 g6 3. b4 Bg7 4. Bb2 0-0 5. g3 d6 6. Bg2 e5 7. 0-0 c6 8. d3 a5 9. b5 h6 10. a4 Bg4 11. c5 Nd5 12. cxd6 Qxd6 13. Nbd2 Re8 14. Nc4 Qc7 15. Qd2 Nd7 16. Rac1 Nc5 17. Qd1 e4 18. dxe4 Nxe4 19. Bxg7 Kxg7 20. Qd4+ Nef6 21. bxc6 bxc6 22. e3 c5 23. Qd2 Red8 24. Qb2 Rab8 25. Qa1 Kg8 26. Nfe5 Bf5 27. f3 Bd7 28. e4 Ne7 29. Rfd1 Kg7 30. Rd6 Be6 31. Ng4 Neg8 32. Nxf6 Nxf6 33. e5 Ne8 34. f4 Kh7 35. Rc6 Qa7 36. Qc3 Rb4 37. Nd6 Nxd6 38. exd6 Rc4 39. Qd2 Rd4 40. Qe3 R4xd6 41. Rxd6 Rxd6 42. Qxc5 Rd1+ 43. Kf2 Rd2+ 44. Kg1 Rd1+ 1/2-1/2

[Event "London Classic op U2050 9th"]
[Site "London"]
[Date "2017.12.04"]
[Round "1"]
[White "Risicato, Alfredo"]
[Black "Franklin, Benjamin James"]
[Result "0-1"]
[WhiteElo "1879"]
[BlackElo "1692"]
[PlyCount "72"]
[EventDate "2017.12.04"]
[EventType "swiss"]
[EventRounds "5"]
[EventCountry "ENG"]
[SourceTitle "CBM 182 Extra"]
[Source "ChessBase"]
[SourceDate "2018.02.23"]
[SourceVersion "1"]
[SourceVersionDate "2018.02.23"]
[SourceQuality "1"]

1. e4 c5 2. Nc3 e6 3. Bc4 Nc6 4. f4 d6 5. Nf3 Nf6 6. d3 d5 7. Bb5 Bd7 8. 0-0 a6 9. Bxc6 Bxc6 10. e5 Nd7 11. d4 cxd4 12. Nxd4 Bc5 13. Nce2 b5 14. Kh1 Bb7 15. f5 Qb6 16. fxe6 fxe6 17. Bg5 Nxe5 18. b4 Bxb4 19. c3 Ba3 20. Nf4 0-0 21. Qe2 Nf7 22. Nfxe6 Rfe8 23. Qf3 Nxg5 24. Nxg5 Qg6 25. Nge6 Rac8 26. Rad1 h6 27. c4 Bd6 28. cxd5 b4 29. Nf5 Rxe6 30. Qd3 Rf6 31. Qh3 Rcf8 32. Ne3 Rxf1+ 33. Rxf1 Rxf1+ 34. Nxf1 Bxd5 35. Qc8+ Kh7 36. Qc1 Qxg2# 0-1

[Event "BCF-ch U160"]
[Site "Coventry"]
[Date "2015.08.07"]
[Round "5"]
[White "Horlock, Peter J"]
[Black "Franklin, Benjamin James"]
[Result "1-0"]
[WhiteElo "1600"]
[BlackElo "1584"]
[PlyCount "85"]
[EventDate "2015.08.03"]
[EventType "swiss"]
[EventRounds "5"]
[EventCountry "ENG"]
[SourceTitle "CBM 167 Extra"]
[Source "ChessBase"]
[SourceDate "2015.09.14"]
[SourceVersion "1"]
[SourceVersionDate "2015.09.14"]
[SourceQuality "1"]

1. e4 c5 2. Nf3 d6 3. d4 cxd4 4. Nxd4 Nf6 5. Bd3 a6 6. 0-0 e6 7. h3 Nc6 8. c3 Be7 9. Be3 Ne5 10. Bc2 Qc7 11. Nd2 0-0 12. f4 Ned7 13. N4f3 b5 14. Qe2 Bb7 15. Rae1 e5 16. fxe5 dxe5 17. Bg5 Rac8 18. Nh4 Bc5+ 19. Kh1 Ne8 20. Nf5 f6 21. Bb3+ Kh8 22. Bh4 Nb6 23. Rf3 Nd6 24. Nxd6 Qxd6 25. Ref1 Rcd8 26. Be1 Qc6 27. Rf5 a5 28. Rh5 g6 29. Rh4 a4 30. Bd5 Nxd5 31. exd5 Qxd5 32. Ne4 Be7 33. Bd2 Rf7 34. Bg5 fxg5 35. Rxf7 Qxf7 36. Rg4 Qf5 37. Ng3 Qb1+ 38. Kh2 Bf6 39. Rxg5 Rd5 40. Rg4 Qd1 41. Qf2 Rd2 42. Qxf6+ Kg8 43. Nf5 1-0

[Event "BCF-ch U160"]
[Site "Coventry"]
[Date "2015.08.05"]
[Round "3"]
[White "Woods, Timothy J"]
[Black "Franklin, Benjamin James"]
[Result "1-0"]
[WhiteElo "1719"]
[BlackElo "1584"]
[PlyCount "59"]
[EventDate "2015.08.03"]
[EventType "swiss"]
[EventRounds "5"]
[EventCountry "ENG"]
[SourceTitle "CBM 167 Extra"]
[Source "ChessBase"]
[SourceDate "2015.09.14"]
[SourceVersion "1"]
[SourceVersionDate "2015.09.14"]
[SourceQuality "1"]

1. e4 c5 2. Nf3 d6 3. d4 cxd4 4. Nxd4 Nf6 5. Nc3 a6 6. f4 Qc7 7. a4 b5 8. Bd3 e6 9. 0-0 Be7 10. Kh1 Bb7 11. Qe2 Nc6 12. Nf3 Nb4 13. Be3 Ng4 14. Bg1 0-0 15. Nd4 Nxd3 16. cxd3 Nf6 17. Rfc1 Qd7 18. Be3 Rab8 19. Qf3 Ba8 20. Qh3 Qb7 21. Rf1 Qc8 22. Rf3 Re8 23. Rg3 Bf8 24. f5 exf5 25. Nxf5 Kh8 26. Bd4 Qe6 27. Qh4 Rbd8 28. Rh3 h5 29. Bxf6 gxf6 30. Qxh5+ 1-0